00270nam a2200109Ia 4500008004100000100001200041245003800053260002900091650001500120942000800135999001700143190216s9999||||xx |||||||||||||| ||und|| aAgarwal 0aAvadhs Intelligence&Aptitude Test b"Avadh Prakashan , Agra" aReferences cREF c35796d35796